000 00736nam a2200205Ia 4500
008 0000002000 usa 0000000000eng00
090 _aPUS00 E76i
100 1 _aEspada, Ibsen
_d1952
245 1 0 _aIbsen Espada
264 _aEstados Unidos de América : Sicardi Gallery
300 _a[8] p.
_c/ 27 cm.
500 _aExposición realizada en la Galeria Sicardi, Houston, AbrilMayo, 2000 \ Con el patronazgo del maestro venezolano Jesús Rafael Soto (q.e.p.d.)
600 0 0 _a ESPADA, IBSEN, 1952 /
_xTRABAJOS PICTORICOS
650 1 4 _a PINTURA ESTADOUNIDENSE
650 1 4 _aARTE CONTEMPORANEO ESTADOUNIDENSE
650 1 4 _xCATALOGOS
650 1 4 _xEXPOSICIONES
650 1 4 _aPINTORES ESTADOUNIDENSES
999 _c821
_d821
260 _c2000